มุมมองปกติ
มุมมองแบบ MARC
- Liver
รายการ Topical Term
001 - CONTROL NUMBER
- control field: 66954
003 - CONTROL NUMBER IDENTIFIER
- control field: NALT
005 - DATE AND TIME OF LATEST TRANSACTION
- control field: 20251111090513.0
008 - FIXED-LENGTH DATA ELEMENTS
- fixed length control field: 251111|| aca||babn | a|a d
040 ## - CATALOGING SOURCE
- Original cataloging agency: NALT
150 #0 - HEADING--TOPICAL TERM
- Topical term or geographic name entry element: Liver
- General subdivision: Cancer
